|
|
|
|
| LEADER |
01724cam a2200241 a 4500 |
| 001 |
c000392509 |
| 003 |
CARM |
| 005 |
20130118125257.0 |
| 008 |
130118s1863 fr c 000 dbspa d |
| 019 |
1 |
|
|a 69840501
|5 LACONCORD2021
|
| 035 |
|
|
|a (OCoLC)1267897525
|5 LACONCORD2021
|
| 040 |
|
|
|a NUN:S
|b eng
|c NUN:S
|d NUN:W
|
| 100 |
1 |
|
|a Calderón de la Barca, Pedro,
|d 1600-1681.
|
| 245 |
1 |
0 |
|a Teatro escogido de Calderón de la Barca /
|c con una indroduccion y la biografía por Don E. de Ochoa.
|
| 260 |
|
|
|a Paris :
|b Dramard-Baudry,
|c 1863.
|
| 300 |
|
|
|a <2> v. ;
|c 22 cm.
|
| 505 |
0 |
|
|a Vol. 1: Noticia de Don Pedro Calderon de la Barca.--La vida es sueño.--Casa con dos puertas mala es de guardar.--La devocion de la cruz.--El médico de su honra.--Mañanas de abril y mayo.--A secreto agravio secreta venganza.--La cisma de Inglaterra.--Dicha y desdicha del nombre.--El mayor mónstruo los zelos.--El jardín de Falerina.--Agradecer y no amar.--Vol. 2: El alcalde de Zalamea.--El Josef de las mugeres.--Fieras afemina amor.--Las armas de la hermosura.--El mágico prodigioso.--Los dos amantes del cielo.--Duelos de amor y lealtad.--No siempre lo peor es cierto.--La niña de Gomez Arias.--Hado y divisa de Leonido y Marfisa.--Autos sacramentales alegóricos: La cena de Baltasar. La nave del mercader. La primer flor del Carmelo. La viña del Señor.
|
| 700 |
1 |
|
|a Ochoa y Ronna, Eugenio de,
|d 1815-1872.
|
| 852 |
8 |
|
|b CARM
|p 0588856
|j v.2
|f BK
|
| 852 |
8 |
|
|b SCAN
|h A3:AF36B0
|i B12104
|p 0588856
|f BK
|
| 999 |
f |
f |
|i 47199519-ed07-5241-9c58-a59bdb280d6d
|s ec0ffb06-fa2a-5e6d-8b8d-a6a31d63f8ec
|
| 952 |
f |
f |
|p Can circulate
|a CAVAL
|b CAVAL
|c CAVAL
|d CARM 1 Store
|i book
|m 0588856
|
| 952 |
f |
f |
|a CAVAL
|b CAVAL
|c CAVAL
|d Unmapped Location
|e B12104
|f A3:AF36B0
|h Other scheme
|